000 00399nam a22001697a 4500
005 20160530143059.0
008 160530b xxu||||| |||| 00| 0 eng d
020 _a81-203-0567-1
041 _aeng
082 _b6094
100 _aStill, Rechard R and others
_91543
245 _aSales Management
260 _aNew Delhi
_bPHI,
_c2004
300 _a629
650 _aManagement
_9241
942 _cBK
999 _c2177
_d2176